Fish culture : 7th. conference : international symposia / European Society for Comparative Physiology and Biochemistry 7th. conference :
Descripción Física:
20 p. ; 21 cm
MARC
| LEADER | 00000nam a2200000Ia 4500 | ||
|---|---|---|---|
| 001 | 14875 | ||
| 003 | BGR | ||
| 005 | 20260324175257.0 | ||
| 008 | 160829s1985 xx 000 0 cat d | ||
| 080 | |a FU-31-52 | ||
| 111 | |a Fish Culture |9 70851 |c (Barcelona : |d 1985) | ||
| 245 | |a Fish culture : |b 7th. conference : |b international symposia / European Society for Comparative Physiology and Biochemistry | ||
| 260 | |a Barcelona : |b Facultat de Biologia, |c 1985 | ||
| 300 | |a 20 p. ; |c 21 cm | ||
| 590 | |a Programa d'activitats del congrés. | ||
| 590 | |a A la contraportada: Diputació de Barcelona, Servei d'Agricultura i Ramaderia | ||
| 650 | |a Piscicultura |x Congressos |9 24514 | ||
| 650 | |a Peixos |x Cria i desenvolupament |9 24515 | ||
| 710 | 2 | |a Universitat de Barcelona |9 51297 |b Facultat de Biologia | |
| 710 | 2 | |a European Society for Comparative Physiology and Biochemistry |9 70852 | |
| 901 | |a Arxiu | ||
| 942 | |n 1 |2 udc |c MON | ||
| 952 | |0 0 |1 0 |4 0 |6 FU3152 |7 1 |9 43191 |a Arxiu |b Arxiu |d 2016-12-01 |l 0 |o FU-31-52 |p 14875 |r 2016-12-01 00:00:00 |w 2016-12-01 |y ARXIU | ||
| 999 | |c 45735 |d 45735 | ||